| 000 | 00786cam a22002771 4500 | ||
|---|---|---|---|
| 001 | sa 68020016 | ||
| 003 | DLC | ||
| 005 | 20260227112721.0 | ||
| 008 | 890428s1963 pk b 000 0 urdr | ||
| 010 | _asa 68020016 | ||
| 035 | _a(OCoLC)19620418 | ||
| 040 |
_aDLC _cWaU _dDLC |
||
| 042 | _apremarc | ||
| 043 | _aa-ir--- | ||
| 050 | 0 | 0 |
_aPN6267.P4 _bA918 1963 |
| 100 | 1 |
_aʻAwfī, Muḥammad, _dactive 1228. |
|
| 245 | 1 | 0 | _aJāmiʻ al-ḥikāyāt-i Hindī. |
| 260 | _c[1963] | ||
| 300 |
_a17, 166 p. _c21 cm. |
||
| 500 | _aIn Urdu. | ||
| 500 | _aIncludes short biographical sketches of early civil servants in India. | ||
| 504 | _aBibliographical footnotes. | ||
| 650 | 0 |
_aAnecdotes _zIran. |
|
| 700 | 1 | _aʻUs̲mānī, Ṣālih Muḥammad. | |
| 700 | 1 | _aBaqir, Muḥammad. | |
| 999 |
_c89204 _d89204 |
||